Lectures in projective geometry.

محفوظ في:
التفاصيل البيبلوغرافية
المؤلف الرئيسي: Seidenberg, A (مؤلف)
التنسيق: غير معروف
منشور في: Mineola, N.Y.,USA: Dover Publications, 2005.
الموضوعات:
الوسوم: إضافة وسم
لا توجد وسوم, كن أول من يضع وسما على هذه التسجيلة!

MARC

LEADER 00000 a2200000 4500
003 CL-VaPUC
005 20240902133211.0
008 240814t2005 ||||| |||| 00| 0 eng d
999 |c 444324  |d 444322 
020 |a 9780486446189 
040 |c Pontificia Universidad Católica de Valparaíso 
082 7 |a 516.5 SEI 2005  |2 22 
100 |a Seidenberg, A  |9 423726  |e author 
245 |a Lectures in projective geometry. 
260 |a Mineola, N.Y.,USA:  |b Dover Publications,   |c 2005. 
300 |a x, 230 páginas.  
500 |a Originally published: Princeton, N.J. : Van Nostrand, 1962, in series: The university series in undergraduate mathematics. 
583 |k GC  |c 20240814 
650 0 |a Geometría proyectiva   |9 262638 
650 0 |a Geometría analítica   |9 260062 
942 |2 ddc  |c BK 
952 |0 0  |1 0  |2 ddc  |4 0  |6 516_500000000000000_SEI_2005  |7 0  |8 A  |9 596312  |a BIBMAT  |b BIBMAT  |d 2024-08-14  |e 1  |g 17170.00  |i 5662406  |o 516.5 SEI 2005  |p 5662406  |r 2025-01-07  |t 1  |v 17170.00  |w 2024-08-14  |y BK  |k MAT